Statystyki dla Jakich części garderoby kobiety posiadają najwięcej?

Kliknij tutaj aby rozwiązać quiz!

Ogólne statystyki

  • Ten quiz został rozwiązany 358 razy
    (316 od ostatniego zresetowania)
  • Średni wynik to 4 z 11

Statystyki odpowiedzi

Odpowiedzi na Pytania% Poprawnych
Spodnie
86%
Sukienki
82%
Bluzki
59%
Staniki
41%
Szpilki
40%
Stringi
21%
Kurtka
13%
Pończochy
12%
Klapki
9%
Sandały
9%
Krótkie Spodenki
4%

Rozkład punktacji

Percentyl według liczby udzielonych odpowiedzi

Procent ludzi z każdym wynikiem

Twoja historia wyników

Nie rozwiązałeś tego quizu od ostatniego zresetowania